000 00284nam a2200121Ia 4500
008 241002s9999 xx 000 0 und d
082 _a962.053 BRE
100 _aBreasted, James Henry
245 2 _aA History of Egypt
260 _aNew York:
_c1967
600 _aHistory
942 _cUC
999 _c18588
_d18588